00861nam a2200217 4500001000700000003000900007005001700016007000300033008004100036100003600077245015700113260003200270300002200302490003200324700003300356700004100389830004000430852003200470999001900502952012200521139684ES-MaACL20230906195856.0t|070214s1971 sp r ||||1| spa d1 aSchierse, Franz Joseph.910434110aCristo, problema para la Iglesia b: exégesis y predicación : Franz Joseph Schierse responde a Gerhard Dautzenberg. / c[tradujo J. L. Domínguez]. aPamplona : bDinoz, c1971. a134 p. ; c18 cm.1 aTeología en rodaje ; v101 aDautzenberg, Gerhard.9428431 aDomínguez Villar, José L.9452550 aTeología en rodaje ; v109220257 aES-MaACLjC-47578 bR.78422 c139684d139684 00104070aATENEOMbATENEOMcDEPO2d2008-01-17eSCl0oC-47578p1145362r2023-02-23 00:00:00w2023-02-23yMONOGRAFIA